LEADER 00882nam a2200205 i 4500 001 000000188826 003 CaOOAMICUS 005 20100423000000.0 008 100423s1938 it u000 u ita u 013 $a167060 040 $aSeMil$bita 100 1 $aRicheldi, Ferruccio.$0(OLS)http://semarc/name/28518 245 13$aLa cristologia di Egidio Romano /$cFerruccio Richeldi. 260 $aModena :$bTip. Pontificia ed Arcivescovile dell'Immacolata Concezione,$c1938. 300 $a194 p. ;$c25 cm. 600 04$aEgidio : Romano .$0(OLS)http://semarc/subject/9675 850 $aSeMil 852 $aSeMil$W1$xVenegono$y1$m2T V 9$j139463$B139463$CSeMilBibl$Z2$F151085 $81 996 $6245$aLa cristologia di Egidio Romano$9(OLS)http://semarc/title/271813 996 $6260$aModena :$bTip. Pontificia ed Arcivescovile dell'Immacolata Concezione$9(OLS)http://semarc/publisher/32420 LEADER 01259nam a2200265 i 4500 001 000000122016 003 CaOOAMICUS 005 20070123000000.0 008 070123s1908 fr u000 u fre u 013 $a94711 040 $aSeMil$bita 100 1 $aLebon, R. P.$0(OLS)http://semarc/name/50726 245 12$aL'Apostolat par l'Education au Japon :$bconférences données a Malines /$cR. P. Lebon sous la direction de son éminance le cardinal Mercier. 260 $aParis :$bBeauchesne,$c1908. 260 $aMalines :$bH. Dessain,$c1908. 300 $a36 p. ;$c23 cm. 500 $aAllegata al libro : Lettera originale dell'Aut. scritta a mano al Card. Ferrari. 650 4$aApostolato per l'Educazione - Giappone.$0(OLS)http://semarc/subject/23107 700 1 $aMercier, Désiré-Joseph,$c.$0(OLS)http://semarc/name/512 850 $aSeMil 852 $aSeMil$W1$xVenegono$y1$m5D IV 5/21$j77046$B77046$CSeMilBibl$Z2$F119161 $81 961 $aRecupero: Altro 996 $6245$aL'Apostolat par l'Education au Japon :$bconférences données a Malines$9(OLS)http://semarc/title/179759 996 $6260$aMalines :$bH. Dessain$9(OLS)http://semarc/publisher/38053 996 $6260$aParis :$bBeauchesne$9(OLS)http://semarc/publisher/29638